Hymns of the LDS Hymnbook - Statistics

General Stats
  • This quiz has been taken 11 times
  • The average score is 46 of 341
Answer Stats
No. Hymn Name % Correct
2 The Spirit of God
80%
86 How Great Thou Art
70%
1 The Morning Breaks
70%
338 America the Beautiful
60%
203 Angels We Have Heard on High
60%
60 Battle Hymn of the Republic
60%
30 Come, Come, Ye Saints
60%
326 Come, Come Ye Saints
60%
301 I Am a Child of God
60%
98 | 334 I Need Thee Every Hour
60%
340 The Star‑Spangled Banner
60%
249 Called to Serve
50%
5 | 333 High on the Mountain Top
50%
85 How Firm a Foundation
50%
26 Joseph Smith's First Prayer
50%
201 Joy to the World
50%
3 Now Let Us Rejoice
50%
142 Sweet Hour of Prayer
50%
227 There Is Sunshine in My Soul Today
50%
62 All Creatures of Our God and King
40%
29 A Poor Wayfaring Man of Grief
40%
169 As Now We Take the Sacrament
40%
219 Because I Have Been Given Much
40%
341 God Save The King
40%
136 I Know That My Redeemer Lives
40%
7 Israel, Israel, God Is Calling
40%
294 | 318 Love at Home
40%
339 My Country, ’Tis of Thee
40%
100 Nearer My God to Thee
40%
202 Oh, Come, All Ye Faithful
40%
246 Onward, Christian Soldiers
40%
27 Praise to the Man
40%
6 Redeemer of Israel
40%
204 Silent Night
40%
304 Teach Me to Walk in the Light
40%
19 We Thank Thee, O God, for a Prophet
40%
166 Abide with Me!
30%
309 As Sisters in Zion
30%
206 Away in a Manger
30%
116 Come, Follow Me
30%
21 Come, Listen to a Prophet's Voice
30%
58 Come, Ye Children of the Lord
30%
140 Did You Think to Pray?
30%
300 Families Can Be Together Forever
30%
92 For the Beauty of the Earth
30%
209 Hark! The Herald Angels Sing
30%
199 He Is Risen!
30%
259 Hope of Israel
30%
134 I Believe in Christ
30%
270 I’ll Go Where You Want Me to Go
30%
193 I Stand All Amazed
30%
97 Lead, Kindly Light
30%
308 Love One Another
30%
135 My Redeemer Lives
30%
292 O My Father
30%
64 On This Day of Joy and Gladness
30%
93 Prayer of Thanksgiving
30%
252 Put Your Shoulder to the Wheel
30%
215 Ring Out, Wild Bells
30%
111 Rock of Ages
30%
144 Secret Prayer
30%
194 There Is a Green Hill Far Away
30%
4 Truth Eternal
30%
210 With Wondering Awe
30%
319 Ye Elders of Israel
30%
165 Abide With Me; ’Tis Eventide
20%
49 Adam‑ondi‑Ahman
20%
69 All Glory, Laud, and Honor
20%
68 A Mighty Fortress Is Our God
20%
277 As I Search the Holy Scriptures
20%
256 As Zion’s Youth in Latter Days
20%
251 Behold! A Royal Army
20%
124 Be Still, My Soul
20%
335 Brightly Beams Our Father's Mercy
20%
200 Christ the Lord Is Risen Today
20%
9 Come, Rejoice
20%
115 Come, Ye Disconsolate
20%
241 Count Your Blessings
20%
212 Far, Far Away on Judea's Plains
20%
146 Gently Raise the Sacred Strain
20%
152 God Be with You Till We Meet Again
20%
78 God of Our Fathers, Whose Almighty Hand
20%
264 Hark, All Ye Nations!
20%
223 Have I Done Any Good?
20%
192 He Died! The Great Redeemer Died
20%
284 If You Could Hie to Kolob
20%
214 I Heard the Bells on Christmas Day
20%
302 I Know My Father Lives
20%
307 In Our Lovely Deseret
20%
104 Jesus, Savior, Pilot Me
20%
141 | 315 Jesus, the Very Thought of Thee
20%
220 Lord, I Would Follow Thee
20%
105 Master, the Tempest Is Raging
20%
131 More Holiness Give Me
20%
99 Nearer, Dear Savior, to Thee
20%
175 O God, the Eternal Father
20%
208 O Little Town of Bethlehem
20%
205 Once in Royal David’s City
20%
33 Our Mountain Home So Dear
20%
113 Our Savior's Love
20%
72 Praise to the Lord, the Almighty
20%
66 Rejoice, the Lord Is King!
20%
185 Reverently and Meekly Now
20%
230 Scatter Sunshine
20%
213 The First Noel
20%
274 The Iron Rod
20%
108 | 316 The Lord Is My Shepherd
20%
176 | 177 ’Tis Sweet to Sing the Matchless Love
20%
254 True to the Faith
20%
250 We Are All Enlisted
20%
129 Where Can I Turn for Peace?
20%
173 | 174 While of These Emblems We Partake
20%
260 Who’s on the Lord’s Side?
20%
186 Again We Meet Around the Board
10%
13 An Angel from on High
10%
328 An Angel From on High
10%
44 Beautiful Zion, Built Above
10%
191 Behold the Great Redeemer Die
10%
255 Carry On
10%
239 Choose the Right
10%
322 Come, All Ye Sons of God
10%
244 Come Along, Come Along
10%
217 Come, Let Us Anew
10%
59 | 332 Come, O Thou King of Kings
10%
10 Come, Sing to the Lord
10%
96 Dearest Children, God is Near You
10%
221 Dear to the Heart of the Shepherd
10%
237 Do What Is Right
10%
84 Faith of Our Fathers
10%
133 Father in Heaven
10%
180 Father in Heaven, We Do Believe
10%
82 For All the Saints
10%
87 | 313 God Is Love
10%
187 God Loved Us, So He Sent His Son
10%
285 God Moves in a Mysterious Way
10%
170 God, Our Father, Hear Us Pray
10%
106 God Speed the Right
10%
83 Guide Us, O Thou Great Jehovah
10%
125 | 314 How Gentle God's Commands
10%
195 How Great the Wisdom and the Love
10%
224 I Have Work Enough to Do
10%
139 In Fasting We Approach Thee
10%
172 In Humility, Our Savior
10%
190 In Memory of the Crucified
10%
183 In Remembrance of Thy Suffering
10%
207 It Came Upon the Midnight Clear
10%
102 Jesus, Lover of My Soul
10%
181 Jesus of Nazareth, Savior and King
10%
196 Jesus, Once of Humble Birth
10%
303 Keep the Commandments
10%
143 Let the Holy Spirit Guide
10%
243 Let Us All Press On
10%
41 Let Zion in Her Beauty Rise
10%
163 Lord, Dismiss Us with Thy Blessing
10%
275 Men Are That They Might Have Joy
10%
31 O God, Our Help in Ages Past
10%
272 | 331 Oh Say, What Is Truth?
10%
178 O Lord of Hosts
10%
197 O Savior, Thou Who Wearest a Crown
10%
242 Praise God, from Whom All Blessings Flow
10%
103 Precious Savior, Dear Redeemer
10%
81 Press Forward, Saints
10%
287 Rise, Ye Saints, and Temples Enter
10%
112 Savior, Redeemer of My Soul
10%
235 Should You Feel Inclined to Censure
10%
70 Sing Praise to Him
10%
147 | 317 Sweet Is the Work
10%
32 The Happy Day at Last Has Come
10%
89 The Lord Is My Light
10%
109 The Lord My Pasture Will Prepare
10%
266 The Time Is Far Spent
10%
122 Though Deepening Trials
10%
188 Thy Will, O Lord, Be Done
10%
184 Upon the Cross of Calvary
10%
216 We Are Sowing
10%
23 We Ever Pray for Thee
10%
312 We Ever Pray For Thee
10%
280 Welcome, Welcome, Sabbath Morning
10%
182 We’ll Sing All Hail to Jesus’ Name
10%
128 When Faith Endures
10%
171 With Humble Heart
10%
228 You Can Make the Pathway Bright
10%
179 Again, Our Dear Redeeming Lord
0%
310 A Key Was Turned in Latter Days
0%
40 Arise, O Glorious Zion
0%
265 Arise, O God, and Shine
0%
149 As the Dew from Heaven Distilling
0%
168 As the Shadows Fall
0%
8 Awake and Arise
0%
17 Awake, Ye Saints of God, Awake!
0%
158 Before Thee, Lord, I Bow My Head
0%
54 Behold, the Mountain of the Lord
0%
238 Behold Thy Sons and Daughters, Lord
0%
130 Be Thou Humble
0%
138 Bless Our Fast, We Pray
0%
110 Cast Thy Burden Upon the Lord
0%
299 Children of Our Heavenly Father
0%
268 Come, All Whose Souls are Lighted
0%
38 Come, All Ye Saints of Zion
0%
65 Come, All Ye Saints Who Dwell on Earth
0%
276 Come Away to Sunday School
0%
167 Come, Let Us Sing an Evening Hymn
0%
50 Come, Thou Glorious Day of Promise
0%
114 Come Unto Him
0%
117 Come Unto Jesus
0%
119 Come, We That Love the Lord
0%
94 Come, Ye Thankful People
0%
127 Does the Journey Seem Long?
0%
293 Each Life That Touches Ours for Good
0%
231 Father, Cheer Our Souls Tonight
0%
154 Father, This Hour Has Been One of Joy
0%
91 Father, Thy Children to Thee Now Raise
0%
35 For the Strength of the Hills
0%
90 From All That Dwell below the Skies
0%
297 From Homes of Saints Glad Songs Arise
0%
48 Glorious Things Are Sung of Zion
0%
46 Glorious Things of Thee Are Spoken
0%
67 Glory to God on High
0%
24 God Bless Our Prophet Dear
0%
132 God Is in His Holy Temple
0%
80 God of Our Fathers, Known of Old
0%
76 God of Our Fathers, We Come unto Thee
0%
20 God of Power, God of Right
0%
306 God's Daily Care
0%
263 Go Forth with Faith
0%
262 Go, Ye Messengers of Glory
0%
327 Go, Ye Messengers of Heaven
0%
88 Great God, Attend While Zion Sings
0%
164 Great God, to Thee My Evening Song
0%
77 Great Is the Lord
0%
63 Great King of Heaven
0%
101 Guide Me to Thee
0%
42 Hail to the Brightness of Zion's glad Morning!
0%
222 Hear Thou Our Hymn, O Lord
0%
281 Help Me Teach with Inspiration
0%
289 Holy Temples on Mount Zion
0%
298 Home Can Be a Heaven on Earth
0%
288 How Beautiful Thy Temples, Lord
0%
126 How Long, O Lord Most Holy and True
0%
267 How Wondrous and Great
0%
121 I'm a Pilgrim, I'm a Stranger
0%
226 Improve the Shining Moments
0%
75 In Hymns of Praise
0%
15 I Saw a Mighty Angel Fly
0%
269 Jehovah, Lord of Heaven and Earth
0%
234 Jesus, Mighty King in Zion
0%
240 Know This, That Every Soul Is Free
0%
45 Lead Me Into Life Eternal
0%
120 Lean on My Ample Arm
0%
53 Let Earth's Inhabitants Rejoice
0%
232 Let Us Oft Speak Kind Words
0%
253 Like Ten Thousand Legions Marching
0%
236 Lord, Accept into Thy Kingdom
0%
107 Lord, Accept Our True Devotion
0%
153 Lord, We Ask Thee Ere We Part
0%
162 Lord, We Come Before Thee Now
0%
55 Lo, the Mighty God Appearing!
0%
233 Nay, Speak No Ill
0%
95 Now Thank We All Our God
0%
159 Now the Day Is Over
0%
25 Now We'll Sing With One Accord
0%
271 Oh, Holy Words of Truth and Love
0%
123 Oh, May My Soul Commune With Thee
0%
337 O Home Beloved
0%
286 Oh, What Songs of the Heart
0%
295 O Love That Glorifies the Son
0%
39 O Saints of Zion
0%
189 O Thou, Before the World Began
0%
150 O Thou Kind and Gracious Father
0%
258 O Thou Rock of Our Salvation
0%
296 Our Father, by Whose Name
0%
34 O Ye Mountains High
0%
73 Praise the Lord with Heart and Voice
0%
74 Praise Ye the Lord
0%
145 Prayer Is the Soul's Sincere Desire
0%
61 Raise Your Voice to the Lord
0%
257 Rejoice! A Glorious Sound Is Heard
0%
290 Rejoice, Ye Saints of Latter Days
0%
323 | 324 Rise Up, O Men of God
0%
148 Sabbath Day
0%
28 Saints, Behold How Great Jehovah
0%
336 School Thy Feelings
0%
330 See, The Mighty Angel Flying
0%
325 See The Mighty Priesthood Gathered
0%
156 Sing We Now at Parting
0%
56 Softly Beams the Sacred Dawning
0%
160 Softly Now the Light of Day
0%
51 Sons of Michael, He Approaches
0%
14 Sweet Is the Peace the Gospel Brings
0%
137 Testimony
0%
278 Thanks for the Sabbath School
0%
198 That Easter Morn
0%
52 The Day Dawn is Breaking
0%
283 The Glorious Gospel Light Has Shone
0%
305 The Light Divine
0%
161 The Lord Be with Us
0%
320 The Priesthood of Our Lord
0%
18 The Voice of God Again is Heard
0%
37 The Wintry Day, Descending to Its Close
0%
36 They, the Builders of the Nation
0%
245 This House We Dedicate to Thee
0%
279 Thy Holy Word
0%
261 | 329 Thy Servants Are Prepared
0%
157 Thy Spirit, Lord, Has Stirred Our Souls
0%
229 Today, While the Sun Shines
0%
273 Truth Reflects Upon Our Senses
0%
291 Turn Your Hearts
0%
12 'Twas Witnessed in the Morning Sky
0%
248 Up, Awake Ye Defenders of Zion
0%
225 We Are Marching On to Glory
0%
218 We Give Thee But Thine Own
0%
155 We Have Partaken of Thy Love
0%
22 We Listen to a Prophet's Voice
0%
247 We Love Thy House, O God
0%
311 We Meet Again As Sisters
0%
282 We Meet Again in Sabbath School
0%
151 We Meet, Dear Lord
0%
57 We're Not Ashamed to Own Our Lord
0%
47 We Will Sing of Zion
0%
16 What Glorious Scenes Mine Eyes Behold
0%
11 What Was Witnessed in the Heavens?
0%
211 While Shepherds Watched Their Flocks
0%
79 With All the Power of Heart and Tongue
0%
71 With Songs of Praise
0%
118 Ye Simple Souls Who Stray
0%
321 Ye Who Are Called to Labor
0%
43 Zion Stands with Hills Surrounded
0%
No matching quizzes found
Score Distribution
Percent of People with Each Score
Percentile by Number Answered
Your Score History
You have not taken this quiz